000 002990000a22000970004500
100 1 _aRooy, Sidney
245 1 0 _aLos indígenas Chimborazo - Ecuador y la evangelización católica (II)
300 _aVol. 18, Num 4 (Octubre-Diciembre, 1999), Páginas 30-31
773 0 _tIglesia y Misión
942 _cANA
999 _c52424
_d52424